000
00337nam a2200133Ia 4500
008
240624s9999 xx 000 0 und d
041
_a
eng
082
_a
423.071 ICF
100
_a
ICFAI
245
_a
METHODOLOGY OF TEACHING ENGLISH I WORKBO
260
_c
2004
_a
Hyderabad
_b
ICFAI University
300
_a
60 : p. : cm. ; 26
365
_c
RS
999
_c
6094
_d
6094